Property Week supplement (Record no. 77261)
[ view plain ]
| 000 -LEADER | |
|---|---|
| fixed length control field | 00982cab a2200217 4500 |
| 001 - CONTROL NUMBER | |
| control field | ##L133924 |
| 008 - FIXED-LENGTH DATA ELEMENTS--GENERAL INFORMATION | |
| fixed length control field | 060620n2006 000 0 eng u |
| 035 ## - SYSTEM CONTROL NUMBER | |
| System control number | (Sirsi) u133924 |
| 041 0# - LANGUAGE CODE | |
| Language code of text/sound track or separate title | eng |
| 100 1# - MAIN ENTRY--PERSONAL NAME | |
| Personal name | Dover, Molly |
| 245 00 - TITLE STATEMENT | |
| Title | Property Week supplement |
| Remainder of title | offices and business parks |
| 260 ## - PUBLICATION, DISTRIBUTION, ETC. | |
| Date of publication, distribution, etc. | 2006 |
| 490 #0 - SERIES STATEMENT | |
| Series statement | Property Week |
| Volume/sequential designation | 71(24) 16 June 2006, (16) (LOAN) |
| 520 ## - SUMMARY, ETC. | |
| Summary, etc. | Looks at Victoria Central, soon to be home to the Telegraph when it relocates back to central London. Reports on the Fire and Rescue Service's decision to create an integrated national system of eight regional control centres to replace existing local control rooms, all to be housed in bespoke buildings on business parks. Looks at which business parks have been selected and the structuring of the deals. |
| 590 ## - LOCAL NOTE (RLIN) | |
| Local note | IKA040706 |
| 651 #4 - SUBJECT ADDED ENTRY--GEOGRAPHIC NAME | |
| Geographic name | CENTRAL LONDON |
| 651 #4 - SUBJECT ADDED ENTRY--GEOGRAPHIC NAME | |
| Geographic name | VICTORIA |
| 690 ## - LOCAL SUBJECT ADDED ENTRY--TOPICAL TERM (OCLC, RLIN) | |
| Topical term or geographic name as entry element | PROPERTY-COMMERCIAL PROPERTY-OFFICE PROPERTY |
| 700 1# - ADDED ENTRY--PERSONAL NAME | |
| Personal name | Hipwell, Deirdre |
| 942 ## - ADDED ENTRY ELEMENTS (KOHA) | |
| Suppress in OPAC | 0 |
| Withdrawn status | Lost status | Source of classification or shelving scheme | Damaged status | Not for loan | Home library | Current library | Shelving location | Date acquired | Total Checkouts | Full call number | Barcode | Date last seen | Copy number | Price effective from | Koha item type |
|---|---|---|---|---|---|---|---|---|---|---|---|---|---|---|---|
| Dewey Decimal Classification | London | London | Journal article | 20/06/2006 | L133924 | 133924-1001 | 06/08/2019 | 1 | 06/08/2019 | Journal article |